000 00861nac a22002657a 4500
001 BR0002310
003 BR-BrBNA
005 20240105122405.0
008 230509b bl.|||m| |||| 00| 0 por d
040 _aBR-BrBNA
_bpor
_cBiblioteca Nacional de Agricultura
072 _aH20
090 _a0329 BR0002310
100 1 _aBenchimol, R.L.
100 1 _aAlbuquerque, I.C. de
110 1 _aCentro de Pesquisa Agroflorestal da Amazonia Oriental, Belem, PA (Brasil)
245 1 _aNova doenca foliar da pupunheira no Estado do Para
260 3 _aBelem, PA (Brasil):
_c1998.
300 _a2 p.
490 _aComunicado Tecnico - Centro de Pesquisa Agroflorestal da Amazonia Oriental (Brazil)
_vno. 92
_xISSN 0100-8676
650 _aPupunha
650 _aFungo
650 _aPara
909 _a202312
_bLúcia Elande
_c55
_dLúcia Elande
942 _2AGRIS
_n0
_cMS
999 _c290782
_d290782